000 00946cam a2200313 i 4500
001 20675
003 CO-MdFUSB
005 20180622170553.0
008 161011t1982 xxu||||f |||| 00| 0 eng d
020 _a0-8018-2866-X
040 _aCO-MdFUSB
_bEspañol
_cCO-MdFUSB
_dCO-MdFUSB
_erda
041 _aeng
082 _224
_a305.4
_bL493w
100 1 _aLefkowitz, Mary R.,
_eautor
_d1935-
245 1 0 _aWomen's life in Greece and Rome
_c/ Mary R. Lefkowitz , Maureen B. Fant
264 1 _aBaltimore, Maryland :
_bThe Johns Hopkins University Press,
_c℗[1982]
264 4 _c©1982
300 _axvi, 294 páginas
336 _2rdacontent
_a1
_ba1
337 _2rdamedia
_a2
_b5
338 _2rdacarrier
_a2
_b5
505 0 0 _aLa vida de mujeres en Grecia y Roma
540 _aRústico
651 4 _aGrecia
_xMujeres
651 7 _aRoma
_xMujeres
700 _9536
_aFant, Maureen B.
_ecoautor
942 _cBK
999 _c47026
_d47026